000 00680nam a2200217Ia 4500
003 OSt
005 20220923221852.0
006 a|||||r|||| 00| 0
007 ta
008 220922b |||||||| |||| 00| 0 hin d
024 _a200,648
037 _cTextual
040 _aARTS
_cARTS
_bhin
041 _2hin
_ahin
082 _aV2:5:C, 152J6
100 _aपांथरी, भगवती प्रसाद
245 0 _aसम्राट चन्द्रगुप्त मौर्य
246 _aSamrāṭ chandragupta maurya
942 _hV2:5:C, 152J6
_cTEXL
_2CC
999 _c352320
_d352320